| 000 | 00826cam a2200265 a 4500 | ||
|---|---|---|---|
| 999 |
_c4053 _d4053 |
||
| 001 | 1005049 | ||
| 003 | GBCCL | ||
| 005 | 20241126110509.0 | ||
| 008 | 870610s1987 oru b 000 0 eng | ||
| 010 | _a 87015395 | ||
| 020 |
_a0880702052 : _c$10.95 |
||
| 040 |
_aDLC _cDLC _dDLC |
||
| 050 | 0 | 0 |
_aBV4501.2 _b.K4933 1987 |
| 082 | 0 | 0 |
_a248.4 _219 _bKIM |
| 100 | 1 |
_aKimmel, Tim. _97805 |
|
| 245 | 1 | 0 |
_aLittle house on the freeway : _bhelp for the hurried home / _cTim Kimmel. |
| 260 |
_aPortland, Or. : _bMultnomah Press, _cc1987. |
||
| 300 |
_a223, [1] p. ; _c22 cm. |
||
| 504 | _aBibliography: p. [224] | ||
| 650 | 0 |
_aChristian life. _9183 |
|
| 650 | 0 |
_aMarriage _xReligious aspects _xChristianity. _9295 |
|
| 650 | 0 |
_aFamilies _xReligious life. _91360 |
|
| 906 |
_a7 _bcbc _corignew _d1 _eocip _f19 _gy-gencatlg |
||
| 942 |
_2ddc _cBK |
||